000 00743nam a22001575i 4500
001 166885
003 ES-MaACL
005 20230906213424.0
008 020904s1896 sp |||| | spa d
100 1 _aValenzuela, Francisco,
_cDoctor.
_9173502
245 1 0 _aSanatorios para tuberculosos :
_bbase científica de la secuestración de los tuberculosos en estos establecimientos en su doble fin de su tratamiento higiénico y de la defensa de la humanidad /
_cpor el doctor Valenzuela.
260 _aMadrid :
_b[s.n.],
_c1896 (
_fViuda e hijos de la Riva)
300 _a71 p. ;
_c20 cm.
650 4 _aHospitales para tuberculosos.
_9170344
852 _aES-MaACL
_jT-857-F-4
_z- Enc. hol., conservando cub. original
_z- Enc. en un vol. facticio
999 _c166885
_d166885